000 00845nam a22002295i 4500
001 175839
003 ES-MaACL
005 20250826151133.0
008 101124s2005 sp o |||| | spa d
020 _a84-95427-60-5
080 _a791.43:82
245 0 0 _aCine y literatura
_b: textos literarios y sus versiones cinematográficas /
_cedición: Antonio Rey Hazas, Juan de la Cruz Martín.
250 _a1ª ed.
260 _aMadrid :
_bAsociación de Profesores de Lengua "Francisco de Quevedo" de Madrid,
_c2005.
300 _a379 p. ;
_c23 cm.
650 0 4 _aLiteratura-
_xEn el cine.
_914486
700 1 _aRey Hazas, Antonio.
_996528
700 1 _aMartín, Juan de la Cruz,
_d1948-
_9144057
710 2 _aAsociación de Profesores de Español "Francisco de Quevedo"
_9144058
852 _aES-MaACL
_jE-13664
999 _c175839
_d175839